Drugs for the respiratory system /

Bibliographic Details
Other Authors: Cherniack, Reuben M.
Format: Book
Language:English
Published: Orlando, Fla. : Grune & Stratton : Harcourt Brace Jovanovich, [1986]
Subjects:

MARC

Tag First Indicator Second Indicator Subfields
LEADER 00000cam a2200000 a 4500
001 in00000416321
005 20151012060058.0
008 860611s1986 flua b 00100 eng d
010 |a  86080740  
020 |a 0808918184 (pbk.) 
035 |a (OCoLC)13717271 
035 |9 ABV2157AM 
040 |a MDU  |c MDU  |d VET  |d TXA  |d UtOrBLW 
049 |a TXAM  |c [A09727761] 
090 |a RM388  |b .D79 1986 
096 |a WF 145 D794 1986 
245 0 0 |a Drugs for the respiratory system /  |c edited by Reuben M. Cherniack. 
264 1 |a Orlando, Fla. :  |b Grune & Stratton :  |b Harcourt Brace Jovanovich,  |c [1986] 
264 4 |c ©1986 
300 |a viii, 247 pages :  |b illustrations ;  |c 23 cm. 
336 |a text  |b txt  |2 rdacontent 
337 |a unmediated  |b n  |2 rdamedia 
338 |a volume  |b nc  |2 rdacarrier 
504 |a Includes bibliographies and index. 
650 0 |a Respiratory organs  |x Diseases  |x Chemotherapy. 
650 0 |a Respiratory organs  |x Effect of drugs on. 
650 2 |a Respiratory Tract Diseases  |x drug therapy. 
650 2 |a Respiratory System  |x drug effects. 
700 1 |a Cherniack, Reuben M. 
999 |a MARS 
999 f f |s 5e3fd293-3e12-3a70-8072-ee3dbe00154b  |i d3f138b7-373a-3973-86f9-0ea11f7a17f7  |t 0 
952 f f |p ric  |a Texas A&M University  |b Rellis Campus  |c Joint Library Facility  |d Remote Storage  |t 0  |e RM388 .D79 1986  |h Library of Congress classification  |i unmediated -- volume  |m A14809727761 
998 f f |a RM388 .D79 1986  |t 0  |l Remote Storage